000 01034nam a2200277 a 4500
001 ebr10682361
003 CaPaEBR
006 m u
007 cr cn|||||||||
008 130410s2013 njuad sb 001 0 eng d
020 _z9780470900376
040 _aCaPaEBR
_cCaPaEBR
035 _a(OCoLC)841170135
050 1 4 _aQC327
_b.B45 2013eb
100 1 _aBejan, Adrian.
245 1 0 _aConvection heat transfer
_h[electronic resource] /
_cAdrian Bejan.
250 _a4th ed.
260 _aHoboken, N.J. :
_bWiley,
_c2013.
300 _axxxiii, 658 p. :
_bill.
504 _aIncludes bibliographical references and indexes.
533 _aElectronic reproduction.
_bPalo Alto, Calif. :
_cebrary,
_d2013.
_nAvailable via World Wide Web.
_nAccess may be limited to ebrary affiliated libraries.
650 0 _aHeat
_xConvection.
655 7 _aElectronic books.
_2local
710 2 _aebrary, Inc.
856 4 0 _uhttp://site.ebrary.com/lib/rucke/Doc?id=10682361
_zAn electronic book accessible through the World Wide Web; click to view
999 _c61450
_d61450